00583cam a22002051 4500001000800000005001700008008004100025010001700066015001500083035001800098040003000116041000800146042001200154080001200166082002000178100000600198101000800204245013500212504003000347612009220180813052139.0731207s1965 paua b 000 0 eng  a 65020648  aGB65-11940 a(OCoLC)756865 aDLCcOTMCdOCoLCdUkdDLC aeng apremarc a616.991 a616.991 MAR1 a7 aREU10aRheumatic fever;cby Milton Markowitz and Ann Gayler Kuttner. With a special chapter on community health services, by Leon Gordis. aBibliography: p. 213-233.